000 00318nam a2200133Ia 4500
008 200103s9999||||xx |||||||||||||| ||und||
040 _aIMU-MPC
082 _aColumn-30
100 _atalbot, A. E.
245 0 _aHeat engine Calculations
260 _bPitman Publishing, London
_c1945
300 _avi, 90
942 _cBK
999 _c7340
_d7340